| 000 | 01522 a2200217 4500 | ||
|---|---|---|---|
| 001 | 12522 | ||
| 005 | 20260407155440.0 | ||
| 008 | 260407a2012 arg spa d | ||
| 003 | AR-UNSa-BCEJYS | ||
| 040 |
_aAR-UNSa-BCEJYS _bspa _cAR-UNSa-BCEJYS |
||
| 080 |
_a352 _xNiveles inferiores de la administración. Gobierno local. Administración municipal. Autoridades locales |
||
| 245 | 1 | 0 | _aTemas de economía de los gobiernos municipales |
| 020 | _a978-987-02-6003-5 | ||
| 264 | 1 |
_aBuenos Aires : _bDunken _c2012 |
|
| 300 |
_a237 p. _c22 cm. |
||
| 505 | _a1.Introducción - 2. Teoría de los gobiernos locales(subnacionales)- 3. Anatomía del sector público argentino en el último medio siglo - 4. Tamaño del grupo y variables fiscales municipales - 5. Descentralización fiscal en el nivel subnacional de gobierno - 6. La calidad de la administración tributaria como insumo de la función de producción recaudatoria - 7. Riqueza inmobiliaria urbana y su distribución - 8. Política económica y resultados electores.El conflicto rural y el resultado electoral 2009 en las municipalidades de la provincia de Buenos Aires. - 9. Política económica y resultados elctorales. De la elección 2007 a las 2009 y 2011 en las municipalidades de la Provincia de Buenos Aires. | ||
| 942 | _cBK | ||
| 590 | _aniveau_biblio:m niveau_hierar:0 | ||
| 100 | 1 | _aPorto, Alberto | |
| 856 | 4 | 1 |
_uhttps://biblioeco.unsa.edu.ar/pmb/images/libros/Temas de economia de los gobiernos municipales3-l118907.JPG _yImagen de portada _qimage/jpeg |
| 999 |
_c496 _d496 |
||